| 000 | 00800nam a2200241Ia 4500 | ||
|---|---|---|---|
| 003 | OSt | ||
| 005 | 20221005115210.0 | ||
| 006 | a|||||r|||| 00| 0 | ||
| 007 | ta | ||
| 008 | 221004b |||||||| |||| 00| 0 eng d | ||
| 024 | _a66399 | ||
| 037 | _cTextual | ||
| 040 |
_aCRL _cCRL _beng |
||
| 041 |
_2eng _aeng |
||
| 082 | _aV73:28tN53, J56 | ||
| 110 |
_aGovernment of United States.. Commission on organization of the executives branch of the government. 1955. _9627251 |
||
| 245 | 0 |
_aBusiness enterprises _b A report to the congress |
|
| 260 | _c1955 | ||
| 650 | _aHISTORY | ||
| 700 |
_aGovernment of United States.. Commission on organization of the executives branch of the government. 1955. _9627252 |
||
| 942 |
_hV73:28tN53, J56 _cTEXL _2cc |
||
| 999 |
_c1033752 _d1033752 |
||